[Event "Ankara Baskent Univ op-A 3rd"]
[Site "Ankara"]
[Date "2018.08.28"]
[Round "2"]
[White "Odeev, Handszar"]
[Black "Yildizak, Goksel"]
[Result "1-0"]
[WhiteElo "2410"]
[BlackElo "1910"]
[PlyCount "71"]
[EventDate "2018.08.27"]
[EventType "swiss"]
[EventRounds "9"]
[EventCountry "TUR"]
[SourceTitle "CBM 187 Extra"]
[Source "ChessBase"]
[SourceDate "2018.11.04"]
[SourceVersion "1"]
[SourceVersionDate "2018.11.04"]
[SourceQuality "1"]

1. e4 c6 2. d4 d5 3. e5 c5 4. Nf3 Nc6 5. dxc5 Bg4 6. c3 e6 7. Be3 Bxf3 8. Qxf3 Nxe5 9. Bb5+ Nc6 10. c4 Nf6 11. Nc3 a6 12. Ba4 Qa5 13. 0-0 Be7 14. cxd5 exd5 15. a3 0-0 16. b4 Qc7 17. Nxd5 Nxd5 18. Qxd5 Bf6 19. Rad1 Rad8 20. Qe4 Rde8 21. Qf5 Re6 22. Bb3 Re5 23. Qd7 Re7 24. Qxc7 Rxc7 25. Bf4 Be5 26. Bxe5 Nxe5 27. Rd5 Re8 28. Rfd1 g6 29. Rd8 Rxd8 30. Rxd8+ Kg7 31. Bd5 Re7 32. h3 a5 33. b5 Rc7 34. f4 Nd3 35. c6 b6 36. Rd7 1-0

[Event "Troya op 26th"]
[Site "Canakkale"]
[Date "2018.08.09"]
[Round "6"]
[White "Yildizak, Goksel"]
[Black "Abdulla, Khayala Mardan Qizi"]
[Result "0-1"]
[WhiteElo "1910"]
[BlackElo "2245"]
[PlyCount "98"]
[EventDate "2018.08.06"]
[EventType "swiss"]
[EventRounds "9"]
[EventCountry "TUR"]
[SourceTitle "CBM 185 Extra"]
[Source "ChessBase"]
[SourceDate "2018.07.29"]
[SourceVersion "1"]
[SourceVersionDate "2018.07.29"]
[SourceQuality "1"]

1. d4 Nf6 2. Nf3 e6 3. g3 b6 4. Bg2 Bb7 5. 0-0 c5 6. c4 cxd4 7. Nxd4 Bxg2 8. Kxg2 Be7 9. Nc3 0-0 10. b3 a6 11. e4 d6 12. Be3 Qc7 13. Rc1 Nbd7 14. Qe2 Rac8 15. Rfd1 Rfe8 16. f3 Qb7 17. Qf2 Ne5 18. h3 h5 19. Kg1 Ng6 20. Qg2 d5 21. cxd5 exd5 22. Nxd5 Nxd5 23. Rxc8 Rxc8 24. exd5 Qxd5 25. f4 Qd7 26. Rd2 Bb4 27. Rc2 Bc5 28. Bf2 h4 29. Kh2 hxg3+ 30. Qxg3 Rd8 31. Ne2 Qd1 32. Rb2 Qa1 33. Rc2 Rd1 34. Ng1 Bd6 35. Qg4 Bxf4+ 36. Kg2 Rd6 37. Nf3 Qf6 38. Rc8+ Rd8 39. Bd4 Qd6 40. Rxd8+ Qxd8 41. h4 Bh6 42. Kf2 Nf4 43. Qf5 Ne6 44. Bc3 b5 45. Ne5 Qxh4+ 46. Ke2 Qh2+ 47. Ke1 Qg1+ 48. Ke2 Nf4+ 49. Kf3 Qf1+ 0-1

[Event "Ankara Baskent Univ op 2nd"]
[Site "Ankara"]
[Date "2017.??.??"]
[Round "6"]
[White "Yildizak, Goksel"]
[Black "Adiguzel, Ufuk Alp"]
[Result "1-0"]
[WhiteElo "1920"]
[BlackElo "1577"]
[PlyCount "65"]
[EventDate "2017.06.30"]
[EventType "swiss"]
[EventRounds "9"]
[EventCountry "TUR"]
[SourceTitle "CBM 179 Extra"]
[Source "ChessBase"]
[SourceDate "2017.08.23"]
[SourceVersion "1"]
[SourceVersionDate "2017.08.23"]
[SourceQuality "1"]

1. d4 Nf6 2. Nf3 g6 3. g3 Bg7 4. Bg2 d6 5. 0-0 0-0 6. b3 Nbd7 7. Bb2 Re8 8. c4 e5 9. dxe5 dxe5 10. Nxe5 Nxe5 11. Qxd8 Rxd8 12. Bxe5 Re8 13. Bd4 Rxe2 14. Nc3 Rd2 15. Rad1 Rxd1 16. Rxd1 c6 17. h3 Be6 18. f4 Nh5 19. Bxg7 Nxg7 20. Na4 Nf5 21. Kf2 Re8 22. Nc5 Bc8 23. g4 Nh6 24. Ne4 Kg7 25. Nd6 Rf8 26. b4 Ng8 27. a4 Nf6 28. b5 cxb5 29. c5 b4 30. Nxb7 Be6 31. c6 b3 32. Nd8 Bd5 33. c7 1-0

[Event "TUR-chT2"]
[Site "Konya"]
[Date "2016.07.20"]
[Round "6.9"]
[White "Ayran, Suleyman Sefa"]
[Black "Yildizak, Goksel"]
[Result "0-1"]
[WhiteElo "1598"]
[BlackElo "1903"]
[PlyCount "88"]
[EventDate "2016.07.17"]
[EventType "team-swiss"]
[EventRounds "9"]
[EventCountry "TUR"]
[SourceTitle "CBM 173 Extra"]
[Source "ChessBase"]
[SourceDate "2016.08.29"]
[SourceVersion "1"]
[SourceVersionDate "2016.08.29"]
[SourceQuality "1"]
[WhiteTeam "Denizli Pamukkale Yonetimi"]
[BlackTeam "Mersin Ezgi"]
[WhiteTeamCountry "TUR"]
[BlackTeamCountry "TUR"]

1. d4 Nf6 2. Nf3 g6 3. e3 Bg7 4. Bd3 d5 5. Nbd2 0-0 6. 0-0 c6 7. b3 Nbd7 8. Bb2 Re8 9. Re1 a5 10. a3 e5 11. e4 exd4 12. Bxd4 c5 13. Bb2 dxe4 14. Nxe4 Nxe4 15. Bxg7 Nxf2 16. Kxf2 Kxg7 17. Bb5 Rxe1 18. Qxe1 Nf6 19. Rd1 Qc7 20. Kg1 Bg4 21. Rd3 Rd8 22. Qc3 Rxd3 23. Qxd3 Bxf3 24. Qxf3 Qe5 25. Bd3 Qd4+ 26. Kf1 Ng4 27. Qg3 Ne5 28. Bb5 f6 29. Qe1 Ng4 30. Qe7+ Kh6 31. Qe8 Qa1+ 32. Qe1 Ne3+ 33. Ke2 Qxe1+ 34. Kxe1 Nxc2+ 35. Kd2 Nxa3 36. Be2 Kg5 37. Kc3 b5 38. Kb2 b4 39. g3 Kf5 40. Kc1 Ke4 41. h3 Kd4 42. h4 Kc3 43. Bd1 c4 44. bxc4 b3 0-1

[Event "TUR-chT2"]
[Site "Konya"]
[Date "2016.07.17"]
[Round "1.4"]
[White "Yildizak, Goksel"]
[Black "Zor, Alber Kadir"]
[Result "0-1"]
[WhiteElo "1903"]
[BlackElo "2080"]
[PlyCount "102"]
[EventDate "2016.07.17"]
[EventType "team-swiss"]
[EventRounds "9"]
[EventCountry "TUR"]
[SourceTitle "CBM 173 Extra"]
[Source "ChessBase"]
[SourceDate "2016.08.29"]
[SourceVersion "1"]
[SourceVersionDate "2016.08.29"]
[SourceQuality "1"]
[WhiteTeam "Mersin Ezgi"]
[BlackTeam "Burdur Callica"]
[WhiteTeamCountry "TUR"]
[BlackTeamCountry "TUR"]

1. d4 Nf6 2. Nf3 c5 3. c4 cxd4 4. Nxd4 e5 5. Nc2 d5 6. cxd5 Qxd5 7. Qxd5 Nxd5 8. e4 Nb4 9. Nxb4 Bxb4+ 10. Bd2 Bxd2+ 11. Nxd2 Be6 12. Bc4 Ke7 13. Bxe6 Kxe6 14. 0-0-0 Nd7 15. Nb3 Rac8+ 16. Kb1 Nc5 17. Nxc5+ Rxc5 18. Rd2 Rhc8 19. Rhd1 R5c7 20. a3 f6 21. f3 h5 22. Rd8 h4 23. g3 h3 24. Rxc8 Rxc8 25. Rc1 Rd8 26. Kc2 a5 27. Rd1 Rxd1 28. Kxd1 Kd6 29. Kd2 Kc5 30. Kc3 a4 31. Kd3 b6 32. Kc3 b5 33. b4+ axb3 34. Kxb3 Kd4 35. Kb4 Ke3 36. Kxb5 Kxf3 37. a4 Kg2 38. a5 Kxh2 39. a6 Kxg3 40. a7 h2 41. a8Q h1Q 42. Qf8 Qf1+ 43. Kc5 g5 44. Qb8 g4 45. Qh8 Kg2 46. Qh7 g3 47. Kd5 Qd3+ 48. Ke6 Qf3 49. Kd5 Kf1 50. Qh3+ Ke2 51. Ke6 g2 0-1

[Event "Manavgat Turkey Cup"]
[Site "Manavgat"]
[Date "2015.02.05"]
[Round "9"]
[White "Yildizak, Goksel"]
[Black "Ozen, Bahadir"]
[Result "0-1"]
[WhiteElo "1766"]
[BlackElo "2010"]
[PlyCount "150"]
[EventDate "2015.01.31"]
[EventType "swiss"]
[EventRounds "11"]
[EventCountry "TUR"]
[SourceTitle "CBM 164 Extra"]
[Source "ChessBase"]
[SourceDate "2015.03.02"]
[SourceVersion "1"]
[SourceVersionDate "2015.03.02"]
[SourceQuality "1"]

1. d4 Nf6 2. Nf3 d5 3. Bf4 c5 4. c3 Nc6 5. e3 Qb6 6. Qc1 Bf5 7. Nbd2 e6 8. h3 h6 9. Be2 Be7 10. dxc5 Bxc5 11. b4 Be7 12. a4 0-0 13. 0-0 Rac8 14. Qb2 Qd8 15. Rac1 Bd6 16. Bxd6 Qxd6 17. b5 Ne5 18. Nxe5 Qxe5 19. Qb4 Ne4 20. f4 Qf6 21. Nxe4 Bxe4 22. Qd4 b6 23. a5 Rc5 24. axb6 axb6 25. Qxf6 gxf6 26. Kf2 Rfc8 27. g3 Kf8 28. Rfd1 Rxc3 29. Rxc3 Rxc3 30. Ra1 e5 31. Ra6 Ke7 32. Rxb6 d4 33. exd4 exd4 34. Ra6 Rc2 35. Ke1 Rc1+ 36. Kd2 Rc2+ 37. Ke1 d3 38. Bh5 Rb2 39. b6 d2+ 40. Kd1 Bd5 41. Ra7+ Kd6 42. Ke2 Bb3 43. Ke3 d1Q 44. Bxd1 Bxd1 45. Rxf7 Ke6 46. Rh7 h5 47. b7 Rb3+ 48. Kf2 Kf5 49. Rc7 Rb2+ 50. Ke3 Ba4 51. Kd4 Ke6 52. g4 hxg4 53. hxg4 Bd7 54. Kc5 Rb5+ 55. Kc4 Rb1 56. Kc5 Ke7 57. g5 Kd8 58. b8Q+ Rxb8 59. Ra7 f5 60. Kd5 Ke7 61. Ra1 Be6+ 62. Kc5 Rd8 63. Rf1 Rd5+ 64. Kc6 Rd4 65. Kc5 Rc4+ 66. Kb5 Kf7 67. Rf2 Kg6 68. Rf1 Bf7 69. Rf2 Re4 70. Kc5 Bc4 71. Kd6 Kh5 72. Kc6 Re2 73. Rxe2 Bxe2 74. Kd5 Bd1 75. Kc4 Ba4 0-1

[Event "Manavgat Turkey Cup"]
[Site "Manavgat"]
[Date "2015.02.03"]
[Round "5"]
[White "Yildizak, Goksel"]
[Black "Gokerkan, Cem Kaan"]
[Result "1/2-1/2"]
[WhiteElo "1766"]
[BlackElo "2142"]
[PlyCount "98"]
[EventDate "2015.01.31"]
[EventType "swiss"]
[EventRounds "11"]
[EventCountry "TUR"]
[SourceTitle "CBM 164 Extra"]
[Source "ChessBase"]
[SourceDate "2015.03.02"]
[SourceVersion "1"]
[SourceVersionDate "2015.03.02"]
[SourceQuality "1"]

1. d4 Nf6 2. Nf3 g6 3. g3 Bg7 4. Bg2 0-0 5. 0-0 d6 6. b3 Nbd7 7. Bb2 a6 8. c4 Rb8 9. d5 e5 10. dxe6 fxe6 11. Nd4 Qe7 12. Nc3 Kh8 13. e4 Rd8 14. Qe2 Nf8 15. f4 N6d7 16. Rad1 c5 17. Nf3 b5 18. cxb5 axb5 19. Nxb5 Ba6 20. a4 Bxb5 21. axb5 Rb6 22. Bxg7+ Qxg7 23. Qc4 Rdb8 24. Ng5 Qe7 25. Bh3 Rxb5 26. Bxe6 Nxe6 27. Qxe6 Qxe6 28. Nxe6 Nf6 29. Rxd6 Nxe4 30. Rd7 Rxb3 31. Ng5 Nxg5 32. fxg5 Rb1 33. Rxb1 Rxb1+ 34. Kg2 c4 35. Rc7 Rc1 36. h4 c3 37. Kh2 c2 38. Kg2 Kg8 39. Rc8+ Kf7 40. Rc7+ Ke6 41. Rc8 Kd7 42. Rc3 Kd6 43. Rc8 Ke5 44. Re8+ Kd5 45. Rd8+ Kc5 46. Rc8+ Kd5 47. Rd8+ Kc5 48. Rc8+ Kd6 49. Rc3 Ke5 1/2-1/2

[Event "Manavgat Turkey Cup"]
[Site "Manavgat"]
[Date "2015.02.01"]
[Round "2"]
[White "Kurtoglu, Umit"]
[Black "Yildizak, Goksel"]
[Result "0-1"]
[WhiteElo "1370"]
[BlackElo "1766"]
[PlyCount "52"]
[EventDate "2015.01.31"]
[EventType "swiss"]
[EventRounds "11"]
[EventCountry "TUR"]
[SourceTitle "CBM 164 Extra"]
[Source "ChessBase"]
[SourceDate "2015.03.02"]
[SourceVersion "1"]
[SourceVersionDate "2015.03.02"]
[SourceQuality "1"]

1. e4 c6 2. d4 d5 3. exd5 cxd5 4. Nc3 g6 5. Nf3 Nc6 6. Bf4 a6 7. Bd3 Bg7 8. Ne2 Qb6 9. c3 Qxb2 10. 0-0 Nf6 11. Rb1 Qa3 12. Qc2 Qa5 13. Ng5 0-0 14. Ng3 h6 15. Nxf7 Rxf7 16. Bxg6 Rf8 17. Nf5 Bxf5 18. Qxf5 Qxc3 19. Rxb7 Nxd4 20. Qe5 Ng4 21. Qxe7 Ne2+ 22. Qxe2 Rxf4 23. Qe6+ Kh8 24. Rfb1 Qe5 25. Qc6 Rxf2 26. Rxg7 Qxh2# 0-1